Los fines del matrimonio (Record no. 79739)

MARC details
000 -LEADER
campo de control de longitud fija 00956nam a2200241 i 4500
001 - NÚMERO DE CONTROL
campo de control 79739
003 - IDENTIFICADOR DE NÚMERO DE CONTROL
campo de control ES-MaACL
005 - FECHA Y HORA DE LA ÚLTIMA TRANSACCIÓN
campo de control 20250910200900.0
007 - CAMPO FIJO DE DESCRIPCIÓN FÍSICA--INFORMACIÓN GENERAL
campo de control de longitud fija t|
008 - DATOS DE LONGITUD FIJA--INFORMACIÓN GENERAL
campo de control de longitud fija 041022s1960 sp ||||1| spa d
100 1# - ENTRADA PRINCIPAL--NOMBRE DE PERSONA
Nombre de persona Hervada, Javier (
Fechas asociadas al nombre 1934-)
9 (RLIN) 63412
245 14 - MENCIÓN DEL TÍTULO
Título Los fines del matrimonio
Resto del título : su relevancia en la estructura jurídica matrimonial /
Mención de responsabilidad, etc. Javier Hervada ; prólogo de Pedro Lombardía.
260 ## - PUBLICACIÓN, DISTRIBUCIÓN, ETC.
Lugar de publicación, distribución, etc. [Pamplona :
Nombre del editor, distribuidor, etc. s.n.,
Fecha de publicación, distribución, etc. 1960]
300 ## - DESCRIPCIÓN FÍSICA
Extensión 231 p. ;
Dimensiones 22 cm.
490 1# - MENCIÓN DE SERIE
Mención de serie Publicaciones del Estudio General de Navarra ;
Designación de volumen o secuencia 29
490 1# - MENCIÓN DE SERIE
Mención de serie Colección Canónica del Estudio General de Navarra ;
Designación de volumen o secuencia 4
650 #7 - PUNTO DE ACCESO ADICIONAL DE MATERIA--TÉRMINO DE MATERIA
Término de materia o nombre geográfico como elemento de entrada Matrimonio (Derecho canónico)
Fuente del encabezamiento o término embne
9 (RLIN) 14862
700 1# - ENTRADA AGREGADA--NOMBRE PERSONAL
Nombre de persona Lombardía, Pedro.
9 (RLIN) 73191
830 0# - PUNTO DE ACCESO ADICIONAL DE SERIE-TÍTULO UNIFORME
Título uniforme Publicaciones del Estudio General de Navarra ;
Designación de volumen o secuencia 29
9 (RLIN) 231456
830 0# - PUNTO DE ACCESO ADICIONAL DE SERIE-TÍTULO UNIFORME
Título uniforme Colección canónica del estudio general de Navarra
Designación de volumen o secuencia 4
9 (RLIN) 231458
852 ## - LOCALIZACIÓN
Ubicación ES-MaACL
Número de control de estantería C-18163
Sublocalización o colección R.46560
Holdings
Estatus retirado Estado de pérdida Estado de daño No para préstamo Biblioteca de origen Biblioteca actual Ubicación en estantería Fecha de adquisición Fuente de adquisición Total de préstamos Signatura topográfica completa Código de barras Visto por última vez Precio de reemplazo Tipo de ítem Koha
        Biblioteca del Ateneo de Madrid Biblioteca del Ateneo de Madrid Galería 17/01/2008     C-18163 1083379 23/02/2023 23/02/2023 Libro impreso